NFL Teams By City Population - Statistics

General Stats
  • This quiz has been taken 38 times
  • The average score is 31 of 45
Answer Stats
Team Name Residents 2024 City % Correct
Bears 2.721M Chicago
100%
Rams 3.879M Los Angeles
100%
Chargers 3.879M Los Angeles
100%
Jets 8.478M New York
100%
Giants 8.478M New York
100%
Yanks 8.478M New York
100%
Lions 645,705 Detroit
97%
Texans 1.317M Dallas
94%
Eagles 1.574M Philadelphia
91%
Jaguars 1.01M Jacksonville
86%
Cardinals 1.673M Phoenix
86%
Falcons 520,070 Atlanta
83%
Browns 365,379 Cleveland
83%
Raiders 678,922 Las Vegas
83%
Seahawks 751,454 Seattle
83%
Cowboys 2.390M Houston
80%
Colts 891,484 Indianapollis
80%
Chiefs 516,032 Kansas City
80%
Buccaneers 414,547 Tampa
80%
Ravens 568,271 Baltimore
77%
Bills 276,617 Buffalo
77%
Bengals 314,915 Cincinnati
77%
Broncos 729,019 Denver
77%
Dolphins 487,014 Miami
77%
Saints 362,701 New Orleans
77%
Steelers 307,668 Pittsburgh
77%
Commanders 702,250 Washington
77%
49ers 827,526 San Francisco
74%
Panthers 943,476 Charlotte
71%
Vikings 428,579 Minneapolis
71%
Titans 705,363 Nashville
71%
Chargers 1.404M San Diego
71%
Yanks 673,458 Boston
69%
Packers 106,311 Green Bay
69%
Rams 279,695 St. Louis
54%
Dodgers/Tigers/Lions 2.646M Brooklyn
37%
Badgers 563,531 Milwaukee
37%
Patriots 18,618 Foxborough
34%
Panhandles/Tigers 933,263 Columbus
29%
Steam Rollers 194,706 Providence
20%
Pros/Indians 189,664 Akron
11%
Bulldogs 69,211 Canton
9%
Kelleys/Eskimos 87,986 Duluth
9%
Yellow Jackets 528,810 Frankford
6%
Crimson Giants 115,395 Evansville
3%
No matching quizzes found
Score Distribution
Percent of People with Each Score
Percentile by Number Answered
Your Score History
You have not taken this quiz